000 00413nam a22001457a 4500
005 20150214103155.0
008 150214b xxu||||| |||| 00| 0 eng d
040 _cPK-LaUMT
082 _aKHC 954.9205
_bFAZ-P
100 _aفضل مقیم
245 _aپاکستان کا المیہ
_cفضل مقیم
260 _aراولپنڈی
_bآرمی ایجوکیشن پریس
_c1971
300 _a398 ص
942 _cBK
999 _c66236
_d66236